000 00680cam a22002531 4500
001 sa 65004691
003 DLC
005 20260227112132.0
008 891226s1964 ii a b 000 0 hino
010 _asa 65004691
035 _a(OCoLC)20820143
040 _aDLC
_cWaU
_dDLC
042 _apremarc
043 _aa-ii---
050 0 0 _aPK2040
_b.S56
100 1 _aSim̲ha, Vīrendra,
_d1934-
245 1 0 _aHindī-kāvya meṃ pratīkavāda kā vikāsa.
260 _c1964.
300 _a13, 760 p.
_billus.
_c23 cm.
500 _aIn Hindi.
504 _aBibliography : p. 747-758.
650 0 _aHindi poetry
_xHistory and criticism.
650 0 _aSymbolism in literature.
999 _c63897
_d63897